| 000 | 01063nam a2200217Ia 4500 | ||
|---|---|---|---|
| 003 | Ost | ||
| 005 | 20260507075528.0 | ||
| 008 | 260507s9999||||xx |||||||||||||| ||und|| | ||
| 020 | _a9789931659167 | ||
| 040 | _cfsecg | ||
| 041 | _aara | ||
| 082 | _a330 | ||
| 100 |
_aبوحسون، العربي _eمؤلف |
||
| 245 | 0 |
_aالأنثروبولوجيا الاقتصادية : _bنشأتها واتجاهاتها ومجالاتها / _c العربي بوحسون |
|
| 260 |
_aتلمسان: _bالمكتب الجامعي الحديث, _c2017 |
||
| 300 |
_a216 صفحة؛ _bإيضاحات ؛ _c24 سم |
||
| 504 | _aببليوغرافيا:ص.205 | ||
| 520 | _aتحليل المفاهيم الأنثربولوجية والاقتصادية -ظروف نشأة الأنثربولوجية الاقتصادية وتحديد مفهومها -الاتجاهات النظرية في الأنثربولوجيا الاقتصادية -التبادل بين الرمزي والاقتصادي. | ||
| 653 | _aالأنثربولوجيا الاقتصادية | ||
| 942 | _cكتاب | ||
| 999 |
_c44809 _d44809 |
||